[Event "VI Open Gelso Bianco A"]
[Site "Catania ITA"]
[Date "1995.08.09"]
[Round "4"]
[White "Vukovic, Ivo"]
[Black "Ikonnikov, Vyacheslav"]
[Result "1/2-1/2"]
[WhiteElo "2285"]
[BlackElo "2540"]
[PlyCount "111"]
[EventDate "1995.08.06"]

1.e4 c5 2.Nf3 Nc6 3.d4 cxd4 4.Nxd4 e5 5.Nb5 d6 6.c4 Be7 7.N1c3 a6 8.Na3 
Be6 9.Be2 Nd4 10.Nd5 Nf6 11.Nxe7 Qxe7 12.Nc2 Nxc2+ 13.Qxc2 Rc8 14.Bg5 b5 
15.b3 O-O 16.O-O Rc6 17.Rac1 Rfc8 18.Rfd1 h6 19.Bxf6 Qxf6 20.Bd3 Qd8 21.
Qe2 Qc7 22.Kf1 bxc4 23.Bxc4 Bxc4 24.Rxc4 Rxc4 25.bxc4 Qc5 26.g3 Rc6 27.Rc1
Rb6 28.Kg2 Rb4 29.Qd3 Ra4 30.Rc2 Kf8 31.Rb2 g6 32.Rc2 h5 33.h4 Qd4 34.Qxd4
exd4 35.Kf1 Ra3 36.Rd2 d3 37.f4 Rc3 38.Kf2 Rxc4 39.Ke3 Ra4 40.Rxd3 Ke7 41.
a3 Ke6 42.Kf3 f5 43.exf5+ gxf5 44.Ke2 d5 45.Rb3 d4 46.Rb6+ Kd5 47.Rf6 Rxa3
48.Rxf5+ Kc4 49.Rxh5 Rxg3 50.Ra5 d3+ 51.Kd2 Rg2+ 52.Kd1 Kc3 53.Ra3+ Kd4 
54.Rxa6 Ke3 55.Re6+ Kxf4 56.h5 1/2-1/2

[Event "VI Open Gelso Bianco A"]
[Site "Catania ITA"]
[Date "1995.08.10"]
[Round "5"]
[White "Aleksic, Nenad"]
[Black "Cherniaev, Alexander"]
[Result "1-0"]
[WhiteElo "2445"]
[BlackElo "2450"]
[PlyCount "79"]
[EventDate "1995.08.06"]

1.e4 c5 2.Nf3 Nc6 3.d4 cxd4 4.Nxd4 Nf6 5.Nc3 e5 6.Ndb5 d6 7.Bg5 a6 8.Na3 
b5 9.Bxf6 gxf6 10.Nd5 f5 11.g3 fxe4 12.Bg2 Be6 13.Bxe4 Rc8 14.c3 Bg7 15.
Qh5 Ne7 16.Rd1 Rc5 17.Nb4 Qb6 18.Qg5 Kf8 19.Qe3 h5 20.O-O a5 21.Nd5 Qb8 
22.Nxe7 Kxe7 23.b4 Bh6 24.Qd3 Bc4 25.Qf3 axb4 26.cxb4 Rcc8 27.Bd5 Rhf8 28.
Rfe1 h4 29.Nb1 hxg3 30.hxg3 Bxd5 31.Rxd5 Rc4 32.Nc3 Rxb4 33.Rdxe5+ dxe5 
34.Nd5+ Ke6 35.Nxb4 Qd6 36.Nd3 f6 37.Rd1 Qc7 38.Qg4+ f5 39.Qg6+ Rf6 40.
Qe8+ 1-0

[Event "VI Open Gelso Bianco A"]
[Site "Catania ITA"]
[Date "1995.08.10"]
[Round "5"]
[White "Bellincampi, Stefano"]
[Black "Ljubisavljevic, Zivojin Z."]
[Result "1/2-1/2"]
[WhiteElo "2060"]
[BlackElo "2285"]
[PlyCount "35"]
[EventDate "1995.08.06"]

1.e4 Nc6 2.Nf3 d6 3.d4 Bg4 4.c3 e5 5.d5 Nce7 6.h3 Bxf3 7.Qxf3 g6 8.g4 Qd7 
9.c4 Bg7 10.Nc3 f6 11.Bd3 h5 12.g5 fxg5 13.Bxg5 Nh6 14.Be3 Nf7 15.O-O O-O 
16.Qg3 Kh7 17.Be2 Rg8 18.h4 1/2-1/2

[Event "VI Open Gelso Bianco A"]
[Site "Catania ITA"]
[Date "1995.08.10"]
[Round "5"]
[White "Conquest, Stuart C."]
[Black "Godena, Michele"]
[Result "0-1"]
[WhiteElo "2455"]
[BlackElo "2420"]
[PlyCount "78"]
[EventDate "1995.08.06"]

1.c4 e6 2.g3 d5 3.Bg2 Nf6 4.Nf3 Be7 5.O-O O-O 6.d4 c6 7.Qc2 b6 8.Rd1 Nbd7 
9.Nc3 Ba6 10.Ne5 Nxe5 11.dxe5 Nd7 12.cxd5 cxd5 13.e4 d4 14.Rxd4 Qc7 15.Bf4
Rfd8 16.Rad1 g5 17.Be3 Nxe5 18.Qa4 Bb7 19.h3 a6 20.Qc2 Rxd4 21.Bxd4 Rd8 
22.Kh1 b5 23.a3 h6 24.Qe2 Nc6 25.Be3 Rxd1+ 26.Qxd1 Ne5 27.Qh5 Nc4 28.Bc1 
Qb6 29.Kg1 Bc5 30.Qxh6 Bxf2+ 31.Kh2 Be3 32.Bxe3 Qxe3 33.h4 gxh4 34.Qxh4 
Qd2 35.Qe7 Ne3 36.Qg5+ Kf8 37.Ne2 Qxe2 38.Qd8+ Kg7 39.Qg5+ Kh7 0-1

[Event "VI Open Gelso Bianco A"]
[Site "Catania ITA"]
[Date "1995.08.10"]
[Round "5"]
[White "Contin, Daniel"]
[Black "Bellia, Fabrizio"]
[Result "1/2-1/2"]
[WhiteElo "2365"]
[BlackElo "2300"]
[PlyCount "117"]
[EventDate "1995.08.06"]

1.c4 g6 2.Nc3 Bg7 3.Nf3 c5 4.d4 cxd4 5.Nxd4 Nc6 6.Nc2 Nf6 7.g3 O-O 8.Bg2 
d6 9.O-O Bd7 10.Rb1 a6 11.a4 Rc8 12.b3 Qa5 13.Bd2 Qh5 14.e4 Qxd1 15.Rfxd1 
Rfe8 16.Bg5 h6 17.Bd2 Rb8 18.Ne3 Ne5 19.h3 Nd3 20.a5 h5 21.Nc2 Nc5 22.f4 
Bc6 23.Re1 Rbc8 24.Nb4 Bd7 25.Kh2 Rb8 26.Ncd5 Nxd5 27.Nxd5 f5 28.exf5 Bxf5
29.b4 Na4 30.Be4 Kf7 31.Nc7 Bxe4 32.Rxe4 Rec8 33.Nd5 e6 34.Ne3 Bc3 35.Bc1 
Bf6 36.Bd2 Nc3 37.Bxc3 Bxc3 38.g4 Rh8 39.f5 Be5+ 40.Kg2 exf5 41.gxf5 g5 
42.Nd5 g4 43.b5 gxh3+ 44.Kxh3 axb5 45.cxb5 Rhg8 46.Rb3 Rgc8 47.Rh4 Kg7 48.
Rb1 Kh6 49.Ne7 Rf8 50.Rg1 Rf6 51.Rg3 Rbf8 52.Rg1 Rc8 53.Ng8+ Rxg8 54.Rxg8 
Rxf5 55.Re4 Rf2 56.Rxe5 dxe5 57.Rb8 Rf7 58.Re8 Rc7 59.Re6+ 1/2-1/2

[Event "VI Open Gelso Bianco A"]
[Site "Catania ITA"]
[Date "1995.08.10"]
[Round "5"]
[White "Efimov, Igor"]
[Black "Mifsud, Timothy"]
[Result "1/2-1/2"]
[WhiteElo "2450"]
[BlackElo "2165"]
[PlyCount "86"]
[EventDate "1995.08.06"]

1.c4 e6 2.Nf3 d5 3.e3 Nf6 4.a3 c6 5.Qc2 Bd6 6.b4 O-O 7.Bb2 b6 8.Be2 Bb7 9.
c5 Be7 10.O-O bxc5 11.bxc5 Nfd7 12.d4 Ba6 13.Bxa6 Nxa6 14.Qa4 Qc8 15.Nbd2 
e5 16.Rab1 e4 17.Ne1 Bg5 18.Nb3 f5 19.Na5 Rf6 20.g3 Rh6 21.f4 exf3 22.Rxf3
Qe8 23.Bc1 f4 24.exf4 Qxe1+ 25.Rf1 Qe4 26.fxg5 Ndxc5 27.Qd1 Rg6 28.Qf3 
Qxf3 29.Rxf3 Ne4 30.Rfb3 c5 31.dxc5 Nexc5 32.Rb5 Re6 33.Bf4 d4 34.Nb3 Nxb3
35.R1xb3 Rc8 36.Rd3 Rc2 37.Re5 Rb6 38.Re1 Rbb2 39.g4 Rg2+ 40.Kh1 Rxg4 41.
Rxd4 Nc5 42.Be3 Ne4 43.Bg1 Rbg2 1/2-1/2

[Event "VI Open Gelso Bianco A"]
[Site "Catania ITA"]
[Date "1995.08.10"]
[Round "5"]
[White "Fabiano, Giuseppe"]
[Black "Garcia Palermo, Carlos Horacio"]
[Result "0-1"]
[WhiteElo "2230"]
[BlackElo "2505"]
[PlyCount "52"]
[EventDate "1995.08.06"]

1.Nf3 f5 2.d4 Nf6 3.Bf4 e6 4.h3 b6 5.Nbd2 Bb7 6.e3 g6 7.c3 Bg7 8.Bd3 d6 9.
Qc2 Nbd7 10.e4 O-O 11.exf5 exf5 12.O-O-O Nd5 13.Bg5 N7f6 14.g4 h6 15.Bxh6 
Bxh6 16.g5 Ne4 17.Bxe4 fxe4 18.gxh6 Qf6 19.Rhg1 Nf4 20.Ng5 Ne2+ 21.Kb1 
Nxg1 22.Rxg1 Qxf2 23.Qd1 e3 24.Nde4 Qf5 25.d5 Qxd5 26.Qe2 Rf4 0-1

[Event "VI Open Gelso Bianco A"]
[Site "Catania ITA"]
[Date "1995.08.10"]
[Round "5"]
[White "Ikonnikov, Vyacheslav"]
[Black "Szekely, Peter"]
[Result "1/2-1/2"]
[WhiteElo "2540"]
[BlackElo "2435"]
[PlyCount "61"]
[EventDate "1995.08.06"]

1.d4 Nf6 2.Nf3 g6 3.c4 Bg7 4.Nc3 O-O 5.e4 d6 6.Be2 e5 7.O-O exd4 8.Nxd4 c6
9.Kh1 Nbd7 10.Bg5 h6 11.Bh4 Qb6 12.Nb3 a5 13.Na4 Qb4 14.Nd2 Nc5 15.Nxc5 
Qxc5 16.Rc1 Re8 17.f3 a4 18.Rc2 Qa5 19.Bg3 d5 20.cxd5 cxd5 21.Bc7 Qb4 22.
a3 Qd4 23.Bb5 Bd7 24.Bxd7 Nxd7 25.exd5 Qxd5 26.Nc4 Qxd1 27.Rxd1 Nf8 28.Nd6
Re7 29.g3 Bxb2 30.Rxb2 Rxc7 31.Rxb7 1/2-1/2

[Event "VI Open Gelso Bianco A"]
[Site "Catania ITA"]
[Date "1995.08.10"]
[Round "5"]
[White "Isonzo, David"]
[Black "Moncher, Stefano"]
[Result "1-0"]
[WhiteElo "2190"]
[BlackElo "2202"]
[PlyCount "119"]
[EventDate "1995.08.06"]

1.d4 Nf6 2.Bg5 g6 3.Bxf6 exf6 4.e3 f5 5.g3 Bg7 6.Bg2 d6 7.Ne2 Nd7 8.c4 O-O
9.Nbc3 c6 10.b4 Nf6 11.b5 Bd7 12.a4 Re8 13.Qd3 a5 14.bxa6 Rxa6 15.O-O Qe7 
16.Rfb1 Bc8 17.Rb2 h5 18.Rab1 h4 19.Rb6 hxg3 20.hxg3 Rxb6 21.Rxb6 Bh6 22.
a5 Ne4 23.a6 bxa6 24.Rxc6 Qb7 25.d5 Qe7 26.Nxe4 fxe4 27.Bxe4 Qe5 28.Bxg6 
fxg6 29.Qxg6+ Bg7 30.Nd4 a5 31.Rc7 Rf8 32.Ra7 a4 33.Nc6 Qf6 34.Ne7+ Kh8 
35.Qh5+ Qh6 36.Qxh6+ Bxh6 37.Ng6+ Kg8 38.Nxf8 Bxf8 39.Rxa4 Bf5 40.Kg2 Bd3 
41.g4 Kf7 42.Kg3 Bg7 43.f3 Bf6 44.Ra7+ Kg6 45.Rc7 Bb2 46.Rb7 Bf6 47.Rc7 
Bb2 48.f4 Ba3 49.Kf3 Bc5 50.e4 Bxc4 51.Kg3 Bb3 52.e5 Bxd5 53.exd6 Bb6 54.
Re7 Bc6 55.d7 Kf6 56.Rh7 Ke6 57.g5 Ba5 58.g6 Be1+ 59.Kg4 Ba5 60.f5+ 1-0

[Event "VI Open Gelso Bianco A"]
[Site "Catania ITA"]
[Date "1995.08.10"]
[Round "5"]
[White "Kogan, Artur"]
[Black "Adla, Diego Gustavo"]
[Result "1-0"]
[WhiteElo "2495"]
[BlackElo "2440"]
[PlyCount "93"]
[EventDate "1995.08.06"]

1.e4 e6 2.d4 d5 3.Nc3 Bb4 4.a3 Bxc3+ 5.bxc3 Ne7 6.Bd3 c5 7.Nf3 Nd7 8.O-O 
c4 9.Be2 Nf6 10.e5 Ne4 11.Bb2 Qa5 12.Kh1 Bd7 13.Ng1 f6 14.exf6 gxf6 15.
Bh5+ Ng6 16.f3 Nd6 17.Qd2 O-O-O 18.a4 Nf5 19.Ba3 Qc7 20.Ne2 Ng7 21.Bg4 h5 
22.Bh3 e5 23.Bxd7+ Qxd7 24.dxe5 fxe5 25.Bc5 Kb8 26.Qe3 a6 27.f4 Nf5 28.Qh3
e4 29.Nd4 Ngh4 30.Rab1 Rhg8 31.Rb6 Nxd4 32.Qxh4 Qg7 33.Qh3 Ne2 34.f5 Qc7 
35.Qe3 Nxc3 36.Bd4 Nxa4 37.Re6 Qd7 38.Ra1 Rgf8 39.Qf4+ Ka8 40.Qe5 Rfe8 41.
h3 c3 42.Be3 d4 43.Bxd4 Qb5 44.Qxb5 axb5 45.Rxe8 Rxe8 46.f6 Rf8 47.g4 1-0

[Event "VI Open Gelso Bianco A"]
[Site "Catania ITA"]
[Date "1995.08.10"]
[Round "5"]
[White "Komnenic, Branko"]
[Black "Viaggi, Giovanni"]
[Result "1-0"]
[WhiteElo "2270"]
[BlackElo "2125"]
[PlyCount "59"]
[EventDate "1995.08.06"]

1.d4 d5 2.c4 Nc6 3.Nf3 e5 4.dxe5 Bb4+ 5.Bd2 dxc4 6.g3 Nge7 7.Bg2 Rb8 8.O-O
Bxd2 9.Nbxd2 Be6 10.Rc1 b5 11.b3 cxb3 12.axb3 h6 13.Qc2 O-O 14.Rfd1 Qe8 
15.Qc5 a5 16.Ne1 Nb4 17.Qxc7 Qd8 18.Qa7 Nbd5 19.Ne4 Qb6 20.Qxb6 Nxb6 21.
Nc5 a4 22.Nxe6 fxe6 23.bxa4 bxa4 24.Bh3 a3 25.Bxe6+ Kh8 26.Rc7 Nbc8 27.
Rdc1 Rb2 28.Kf1 a2 29.Nd3 Rb1 30.Bxa2 1-0

[Event "VI Open Gelso Bianco A"]
[Site "Catania ITA"]
[Date "1995.08.10"]
[Round "5"]
[White "Lanzani, Mario"]
[Black "Stassi, Emilio"]
[Result "1-0"]
[WhiteElo "2330"]
[BlackElo "2155"]
[PlyCount "47"]
[EventDate "1995.08.06"]

1.e4 c5 2.Nf3 d6 3.d4 cxd4 4.Nxd4 Nf6 5.f3 g6 6.c4 Bg7 7.Nc3 Nc6 8.Be3 Bd7
9.Qd2 Nxd4 10.Bxd4 O-O 11.Be2 a6 12.O-O Qa5 13.Rfd1 Rfc8 14.Bxf6 Bxf6 15.
Nd5 Qc5+ 16.Kh1 Kg7 17.b4 Qf2 18.Nxf6 Kxf6 19.Qb2+ Kg5 20.Rf1 Qe3 21.Qg7 
Rg8 22.h4+ Kxh4 23.g3+ Kxg3 24.Rg1+ 1-0

[Event "VI Open Gelso Bianco A"]
[Site "Catania ITA"]
[Date "1995.08.10"]
[Round "5"]
[White "Naumkin, Igor"]
[Black "Vukovic, Ivo"]
[Result "1-0"]
[WhiteElo "2455"]
[BlackElo "2285"]
[PlyCount "91"]
[EventDate "1995.08.06"]

1.d4 d5 2.c4 e6 3.Nc3 Be7 4.Nf3 Nf6 5.Bg5 O-O 6.e3 Nbd7 7.Rc1 a6 8.cxd5 
exd5 9.Bd3 c6 10.Qc2 Re8 11.O-O Nf8 12.Rce1 Be6 13.Ne5 N6d7 14.Bxe7 Rxe7 
15.f4 f6 16.Nf3 Nb6 17.f5 Bf7 18.g4 Qd6 19.g5 Bh5 20.gxf6 gxf6 21.Kh1 Kh8 
22.Nh4 Nfd7 23.Ng2 c5 24.Qf2 cxd4 25.exd4 Rxe1 26.Qxe1 Bf7 27.Nf4 Rg8 28.
Rf3 Nf8 29.Qh4 Rg7 30.Nce2 Nc4 31.b3 Nd2 32.Rg3 Ne4 33.Bxe4 dxe4 34.Rxg7 
Kxg7 35.Qg3+ Kh6 36.Qh4+ Kg7 37.Qg3+ Kh6 38.Qe3 Kg7 39.Qxe4 Qb4 40.Kg2 b5 
41.Qb7 Qe1 42.Qe7 Kg8 43.d5 Qb1 44.Ng3 Qxa2+ 45.Kh3 Qd2 46.Ne4 1-0

[Event "VI Open Gelso Bianco A"]
[Site "Catania ITA"]
[Date "1995.08.10"]
[Round "5"]
[White "Nurkic, Sahbaz"]
[Black "Zlochevskij, Alexander"]
[Result "1/2-1/2"]
[WhiteElo "2420"]
[BlackElo "2465"]
[PlyCount "53"]
[EventDate "1995.08.06"]

1.e4 e6 2.d4 d5 3.Nd2 c5 4.exd5 exd5 5.Ngf3 Nf6 6.Bb5+ Bd7 7.Bxd7+ Nbxd7 
8.O-O Be7 9.dxc5 Nxc5 10.Nb3 Nce4 11.Nbd4 Qc8 12.c3 O-O 13.Bf4 a6 14.Ne5 
Re8 15.Nd3 h6 16.Re1 Bd6 17.f3 Bxf4 18.fxe4 Qc7 19.Nxf4 Qxf4 20.g3 Qd6 21.
exd5 Rxe1+ 22.Qxe1 Qxd5 23.Qd1 Re8 24.Qb3 Qe4 25.Rf1 Qe3+ 26.Kg2 Qe4+ 27.
Kg1 1/2-1/2

[Event "VI Open Gelso Bianco A"]
[Site "Catania ITA"]
[Date "1995.08.10"]
[Round "5"]
[White "Ochoa de Echaguen, Francisco Javier"]
[Black "Miljanic, Boro"]
[Result "1/2-1/2"]
[WhiteElo "2455"]
[BlackElo "2380"]
[PlyCount "117"]
[EventDate "1995.08.06"]

1.e4 e6 2.d4 d5 3.Nc3 Nf6 4.Bg5 Be7 5.e5 Nfd7 6.Bxe7 Qxe7 7.f4 a6 8.Nf3 c5
9.dxc5 Nc6 10.Qd2 Nxc5 11.Bd3 O-O 12.O-O f5 13.exf6 Qxf6 14.Ne5 Nxe5 15.
fxe5 Qe7 16.Rxf8+ Qxf8 17.Qg5 Nxd3 18.cxd3 Qc5+ 19.Kh1 Bd7 20.Rf1 Rf8 21.
Rxf8+ Qxf8 22.h3 h6 23.Qd2 d4 24.Nd1 Qf1+ 25.Kh2 Bc6 26.b3 b5 27.b4 Bxg2 
28.Qxg2 Qxd1 29.Qa8+ Kf7 30.Qb7+ Kg6 31.Qe4+ Kg5 32.Qxd4 Qe2+ 33.Kg3 Qe1+ 
34.Kf3 Qd1+ 35.Kg3 Qe1+ 36.Kf3 Qh1+ 37.Kg3 Kg6 38.a3 Qe1+ 39.Kf3 Qd1+ 40.
Kg3 Qh1 41.Qg4+ Kf7 42.Qd4 Qe1+ 43.Kf3 Qf1+ 44.Kg3 Qf5 45.Qd7+ Kg8 46.Qd8+
Kh7 47.Qd4 g5 48.h4 gxh4+ 49.Kxh4 Qg5+ 50.Kh3 Kg6 51.Kh2 Kh5 52.Kh3 Kg6 
53.Kh2 h5 54.Kh3 Qd2 55.Qe4+ Kh6 56.Qf3 Qg5 57.Qe4 Qg6 58.Qf4+ Qg5 59.Qe4 
1/2-1/2

[Event "VI Open Gelso Bianco A"]
[Site "Catania ITA"]
[Date "1995.08.10"]
[Round "5"]
[White "Rosino, Antonio"]
[Black "Agnello, Giuseppe"]
[Result "0-1"]
[WhiteElo "2320"]
[BlackElo "2160"]
[PlyCount "52"]
[EventDate "1995.08.06"]

1.e4 c5 2.c3 d6 3.Nf3 Nf6 4.Be2 g6 5.O-O Bg7 6.Re1 O-O 7.Bf1 e5 8.d4 cxd4 
9.cxd4 exd4 10.Nxd4 d5 11.e5 Ne4 12.f3 Nc5 13.Nc3 Nc6 14.Be3 Ne6 15.Nxe6 
fxe6 16.Bd4 Rf5 17.g4 Rf7 18.Bg2 Qg5 19.Be3 Qxe5 20.Bxa7 Qf4 21.Be3 Qb4 
22.Bf2 Qxb2 23.Nxd5 Qxa1 24.Qxa1 Bxa1 25.Nb6 Rxa2 26.Nxc8 Ne5 0-1

[Event "VI Open Gelso Bianco A"]
[Site "Catania ITA"]
[Date "1995.08.10"]
[Round "5"]
[White "Vescovi Portilho, Giovanni"]
[Black "Sax, Gyula"]
[Result "1/2-1/2"]
[WhiteElo "2465"]
[BlackElo "2550"]
[PlyCount "23"]
[EventDate "1995.08.06"]

1.d4 Nf6 2.Nf3 e6 3.Bg5 c5 4.c3 Be7 5.Nbd2 b6 6.e3 O-O 7.Bd3 Ba6 8.Bxa6 
Nxa6 9.O-O Nb8 10.e4 cxd4 11.Nxd4 Nc6 12.Nxc6 1/2-1/2

[Event "VI Open Gelso Bianco A"]
[Site "Catania ITA"]
[Date "1995.08.11"]
[Round "6"]
[White "Adla, Diego Gustavo"]
[Black "Fabiano, Giuseppe"]
[Result "1-0"]
[WhiteElo "2440"]
[BlackElo "2230"]
[PlyCount "73"]
[EventDate "1995.08.06"]

1.d4 Nf6 2.c4 g6 3.Nc3 Bg7 4.e4 d6 5.Bd3 O-O 6.Nge2 c6 7.O-O e5 8.d5 cxd5 
9.cxd5 Nbd7 10.Bc2 a6 11.Kh1 Kh8 12.f3 b5 13.Bg5 h6 14.Be3 Nb6 15.b3 b4 
16.Nb1 a5 17.a3 Ba6 18.Bd3 Bxd3 19.Qxd3 bxa3 20.Nxa3 Nfd7 21.Rfc1 Nc5 22.
Bxc5 dxc5 23.Rxc5 Nd7 24.Rb5 f5 25.Nc3 Qg5 26.Nc4 Nf6 27.d6 Rad8 28.Rd1 
Nh5 29.exf5 gxf5 30.Qd2 Nf4 31.Nd5 Ne6 32.Qxg5 hxg5 33.Ne7 Kh7 34.Nc6 Nd4 
35.Nxd8 Nxb5 36.Ne6 Ra8 37.d7 1-0

[Event "VI Open Gelso Bianco A"]
[Site "Catania ITA"]
[Date "1995.08.11"]
[Round "6"]
[White "Agnello, Giuseppe"]
[Black "Ochoa de Echaguen, Francisco Javier"]
[Result "1/2-1/2"]
[WhiteElo "2160"]
[BlackElo "2455"]
[PlyCount "23"]
[EventDate "1995.08.06"]

1.e4 c5 2.c3 g6 3.d4 cxd4 4.cxd4 d5 5.Nc3 dxe4 6.Bc4 Nf6 7.Qb3 e6 8.d5 
exd5 9.Nxd5 Nxd5 10.Bxd5 Qe7 11.Bd2 Nd7 12.O-O-O 1/2-1/2

[Event "VI Open Gelso Bianco A"]
[Site "Catania ITA"]
[Date "1995.08.11"]
[Round "6"]
[White "Aleksic, Nenad"]
[Black "Kogan, Artur"]
[Result "0-1"]
[WhiteElo "2445"]
[BlackElo "2495"]
[PlyCount "78"]
[EventDate "1995.08.06"]

1.e4 c5 2.Nf3 Nc6 3.d4 cxd4 4.Nxd4 Qc7 5.Nc3 e6 6.g3 a6 7.Bg2 Nf6 8.O-O 
Nxd4 9.Qxd4 Bc5 10.Bf4 d6 11.Qd2 h6 12.Rad1 e5 13.Be3 Ke7 14.Bxc5 Qxc5 15.
Na4 Qc6 16.f4 a5 17.b3 b5 18.fxe5 dxe5 19.Nc3 Be6 20.Nd5+ Bxd5 21.exd5 Qd6
22.Rde1 Nd7 23.Kh1 Rac8 24.Qxa5 Rxc2 25.Qxb5 Rxa2 26.Rc1 Rb8 27.Qd3 Rb6 
28.Qf5 Qg6 29.Qf3 Rf6 30.Qc3 Rxf1+ 31.Rxf1 Qd6 32.b4 g6 33.Qb3 Rd2 34.b5 
h5 35.Rb1 Qc5 36.Rf1 f5 37.h3 e4 38.d6+ Qxd6 39.Qc3 Rd4 0-1

[Event "VI Open Gelso Bianco A"]
[Site "Catania ITA"]
[Date "1995.08.11"]
[Round "6"]
[White "Arlandi, Ennio"]
[Black "Naumkin, Igor"]
[Result "0-1"]
[WhiteElo "2455"]
[BlackElo "2455"]
[PlyCount "104"]
[EventDate "1995.08.06"]

1.d4 e6 2.c4 f5 3.g3 Nf6 4.Bg2 Be7 5.Nf3 O-O 6.O-O d6 7.Nc3 a5 8.b3 Qe8 9.
Bb2 Qh5 10.Qc2 Nc6 11.a3 Bd7 12.Rad1 Rae8 13.d5 Ne5 14.dxe6 Bxe6 15.Nd5 
Bxd5 16.cxd5 f4 17.Nxe5 dxe5 18.Bf3 Ng4 19.Bxg4 Qxg4 20.Qxc7 fxg3 21.hxg3 
Bd8 22.Qc4 Rf4 23.Qb5 Qg6 24.d6 e4 25.Qxe8+ Qxe8 26.gxf4 Qg6+ 27.Kh1 Qh5+ 
28.Kg1 Qxe2 29.Be5 Bb6 30.Bd4 Qg4+ 31.Kh1 Qh5+ 32.Kg1 Qg6+ 33.Kh2 Qxd6 34.
Bxb6 Qxf4+ 35.Kg2 Qg5+ 36.Kh3 Qh6+ 37.Kg4 Qxb6 38.Rb1 Qf6 39.f4 Qg6+ 40.
Kh3 Qf5+ 41.Kg3 h5 42.Rbe1 Qb5 43.Kh4 e3 44.b4 a4 45.f5 Qd3 46.Rf4 Qd2 47.
Rff1 e2 48.Rg1 Qf4+ 49.Kxh5 Qxf5+ 50.Kh4 Qf4+ 51.Kh3 Qf3+ 52.Rg3 Qf1+ 0-1

[Event "VI Open Gelso Bianco A"]
[Site "Catania ITA"]
[Date "1995.08.11"]
[Round "6"]
[White "Bellia, Fabrizio"]
[Black "Isonzo, David"]
[Result "1/2-1/2"]
[WhiteElo "2300"]
[BlackElo "2190"]
[PlyCount "65"]
[EventDate "1995.08.06"]

1.e4 c5 2.Nf3 e6 3.d4 cxd4 4.Nxd4 a6 5.Nc3 Qc7 6.Be2 b5 7.O-O Bb7 8.Bf3 d6
9.a4 bxa4 10.Rxa4 Nd7 11.Re1 Ngf6 12.Nb3 Ne5 13.Be2 Be7 14.Bf1 O-O 15.Bf4 
Nfd7 16.Qa1 Nb6 17.Ra2 Nec4 18.Na5 Nxa5 19.Rxa5 Nc4 20.Ra4 Nb6 21.Ra2 Bf6 
22.Ra3 Rfd8 23.Rb3 Nd7 24.Na4 Rab8 25.Qa3 Qa5 26.Nc3 Qxa3 27.Rxa3 Bc8 28.
Bxd6 Rxb2 29.e5 Bg5 30.Ne4 Bf4 31.Bc7 Rf8 32.Bd6 Rd8 33.Bc7 1/2-1/2

[Event "VI Open Gelso Bianco A"]
[Site "Catania ITA"]
[Date "1995.08.11"]
[Round "6"]
[White "Cherniaev, Alexander"]
[Black "Lanzani, Mario"]
[Result "1-0"]
[WhiteElo "2450"]
[BlackElo "2330"]
[PlyCount "79"]
[EventDate "1995.08.06"]

1.e4 e6 2.d4 d5 3.e5 c5 4.c3 Qb6 5.Nf3 Bd7 6.a3 Nh6 7.b4 cxd4 8.Bxh6 gxh6 
9.cxd4 Bb5 10.Bxb5+ Qxb5 11.Nc3 Qa6 12.Ne2 Nd7 13.O-O Nb6 14.Nf4 O-O-O 15.
Nd2 Nc4 16.Nxc4 dxc4 17.Qd2 Kb8 18.Rfd1 Qc6 19.a4 c3 20.Qc2 Bxb4 21.a5 Qc4
22.Ne2 Rd5 23.a6 b6 24.Rd3 Ra5 25.Rxa5 Bxa5 26.Rf3 Rc8 27.Rxf7 Qxe2 28.
Qxe2 c2 29.h3 c1=Q+ 30.Kh2 Qc6 31.Rxh7 Bc3 32.Qg4 b5 33.Rxh6 Qxa6 34.Rxe6 
Qb7 35.Rd6 b4 36.Rd7 Qb6 37.e6 b3 38.e7 b2 39.Qf4+ Ka8 40.Qe5 1-0

[Event "VI Open Gelso Bianco A"]
[Site "Catania ITA"]
[Date "1995.08.11"]
[Round "6"]
[White "Efimov, Igor"]
[Black "Ikonnikov, Vyacheslav"]
[Result "1-0"]
[WhiteElo "2450"]
[BlackElo "2540"]
[PlyCount "61"]
[EventDate "1995.08.06"]

1.d4 Nf6 2.Nf3 e6 3.c4 b6 4.Nc3 Bb4 5.e3 Ne4 6.Qc2 Bb7 7.Bd3 f5 8.O-O Bxc3
9.bxc3 O-O 10.a4 Nc6 11.Ba3 Ne7 12.Ne1 d6 13.f3 Ng5 14.c5 bxc5 15.dxc5 Nf7
16.Qb3 Qc8 17.c4 Rb8 18.Qc3 e5 19.f4 Qe6 20.cxd6 cxd6 21.Nf3 Bxf3 22.Rxf3 
Rfc8 23.Rf2 d5 24.c5 e4 25.Bb5 Nd6 26.Bb2 Qg6 27.Qe5 Nxb5 28.axb5 Rb7 29.
c6 Rbc7 30.Qd4 Qg4 31.h3 1-0

[Event "VI Open Gelso Bianco A"]
[Site "Catania ITA"]
[Date "1995.08.11"]
[Round "6"]
[White "Garcia Palermo, Carlos Horacio"]
[Black "Vescovi Portilho, Giovanni"]
[Result "1-0"]
[WhiteElo "2505"]
[BlackElo "2465"]
[PlyCount "49"]
[EventDate "1995.08.06"]

1.c4 Nf6 2.Nc3 g6 3.e4 d6 4.d4 Bg7 5.f4 O-O 6.Nf3 c5 7.dxc5 Qa5 8.Bd3 Nfd7
9.cxd6 Bxc3+ 10.bxc3 Qxc3+ 11.Qd2 Qxa1 12.dxe7 Re8 13.e5 Nc5 14.O-O Nxd3 
15.Ba3 Qxf1+ 16.Kxf1 Nc6 17.f5 Bxf5 18.Qh6 g5 19.Qxg5+ Bg6 20.h4 h5 21.Bd6
Rac8 22.g4 hxg4 23.Qxg4 Ncxe5 24.Nxe5 Kg7 25.h5 1-0

[Event "VI Open Gelso Bianco A"]
[Site "Catania ITA"]
[Date "1995.08.11"]
[Round "6"]
[White "Genovese, Maurizio"]
[Black "Bellomo, Francesco"]
[Result "0-1"]
[WhiteElo "2255"]
[BlackElo "2360"]
[PlyCount "42"]
[EventDate "1995.08.06"]

1.d4 Nf6 2.c4 d6 3.Nc3 Nbd7 4.e4 e5 5.d5 g6 6.Bd3 Bg7 7.Nge2 O-O 8.Ng3 c6 
9.O-O h5 10.Rb1 h4 11.Nge2 cxd5 12.exd5 h3 13.g3 Nh7 14.Ne4 Ndf6 15.b4 Bg4
16.f3 Nxe4 17.fxg4 Nhg5 18.Nc3 Re8 19.Nxe4 Rc8 20.c5 dxc5 21.bxc5 Qxd5 0-1

[Event "VI Open Gelso Bianco A"]
[Site "Catania ITA"]
[Date "1995.08.11"]
[Round "6"]
[White "Komnenic, Branko"]
[Black "Contin, Daniel"]
[Result "1-0"]
[WhiteElo "2270"]
[BlackElo "2365"]
[PlyCount "77"]
[EventDate "1995.08.06"]

1.d4 Nf6 2.Nf3 e6 3.Bg5 b6 4.e3 Bb7 5.Nbd2 Be7 6.Bd3 c5 7.O-O Nc6 8.c3 
cxd4 9.exd4 Nd5 10.Bxe7 Qxe7 11.Re1 g5 12.Nc4 Nf4 13.Bf1 O-O-O 14.a4 d6 
15.a5 g4 16.Nfd2 Rhg8 17.g3 b5 18.a6 Ba8 19.gxf4 bxc4 20.d5 Nb8 21.Nxc4 h5
22.Ne3 h4 23.Ra4 Rd7 24.Bg2 g3 25.fxg3 hxg3 26.h3 e5 27.Nf5 Qf6 28.Qd3 Rc7
29.fxe5 dxe5 30.d6 Rc6 31.Rf1 Kd7 32.Ne7 Qf2+ 33.Rxf2 gxf2+ 34.Kf1 Rxg2 
35.Qf5+ Kxd6 36.Qf6+ Kd7 37.Nxc6 Bxc6 38.Qxf7+ Kc8 39.Rc4 1-0

[Event "VI Open Gelso Bianco A"]
[Site "Catania ITA"]
[Date "1995.08.11"]
[Round "6"]
[White "Ljubisavljevic, Zivojin Z."]
[Black "Moncher, Stefano"]
[Result "1-0"]
[WhiteElo "2285"]
[BlackElo "2202"]
[PlyCount "135"]
[EventDate "1995.08.06"]

1.d4 Nf6 2.c4 g6 3.Nc3 Bg7 4.e4 d6 5.Be2 O-O 6.h4 c5 7.d5 e6 8.dxe6 Bxe6 
9.h5 Nc6 10.hxg6 fxg6 11.Bh6 Nd4 12.Bxg7 Kxg7 13.Qd2 a6 14.Nh3 Qe7 15.Nf4 
Kg8 16.f3 Bf7 17.Ncd5 Qe5 18.O-O-O Bxd5 19.Nxd5 Nxd5 20.cxd5 Rf7 21.Kb1 
Raf8 22.Bd3 Rg7 23.Rh4 g5 24.Rh5 Rf4 25.Rdh1 Rf6 26.Qa5 Re7 27.Qd8+ Rf8 
28.Qb6 Rd7 29.a3 Rff7 30.Rh6 Rg7 31.Qa5 Rg6 32.R6h5 Rf6 33.Qd2 Rg7 34.Bc2 
Qf4 35.Qxf4 Rxf4 36.Rh6 g4 37.Rxd6 gxf3 38.gxf3 Rxf3 39.Rd8+ Rf8 40.Rxf8+ 
Kxf8 41.e5 Nxc2 42.Kxc2 Rg5 43.Rxh7 Rxe5 44.Rxb7 Rxd5 45.Rb6 Ke7 46.Rxa6 
Kd7 47.Kc3 Kc7 48.b3 Rh5 49.Kc4 Rh3 50.a4 Rg3 51.a5 Rg5 52.Rh6 Kb7 53.Rd6 
Rh5 54.Rd5 Rh1 55.Rxc5 Ka6 56.Rc6+ Kb7 57.Kb5 Rh3 58.b4 Rh4 59.a6+ Ka7 60.
Ka5 Rh5+ 61.b5 Rg5 62.Rc7+ Kb8 63.Rd7 Rh5 64.Kb6 Rh8 65.Kc6 Rg8 66.b6 Rh8 
67.Rb7+ Ka8 68.Re7 1-0

[Event "VI Open Gelso Bianco A"]
[Site "Catania ITA"]
[Date "1995.08.11"]
[Round "6"]
[White "Martorelli, Antonio"]
[Black "Scavo, Fernando"]
[Result "0-1"]
[WhiteElo "2320"]
[BlackElo "2260"]
[PlyCount "122"]
[EventDate "1995.08.06"]

1.e4 e6 2.d4 d5 3.Nc3 Bb4 4.e5 c5 5.Bd2 Ne7 6.Nce2 Bxd2+ 7.Qxd2 Nbc6 8.
O-O-O cxd4 9.Nf3 Ng6 10.Nexd4 Ngxe5 11.Nxe5 Nxe5 12.Bb5+ Bd7 13.Rhe1 Nc6 
14.Bxc6 bxc6 15.Qb4 Qe7 16.Qc3 O-O 17.Nxc6 Qg5+ 18.Kb1 Bxc6 19.Qxc6 Qxg2 
20.Qc5 Qxh2 21.Qd4 Rfc8 22.Rg1 g6 23.Rh1 Qc7 24.Rc1 f5 25.f4 Rab8 26.Qf6 
Rb6 27.b3 Qg7 28.Qh4 a5 29.Qf2 Rb4 30.Rhe1 Rc6 31.Re5 a4 32.Qd2 Rbb6 33.
Rce1 axb3 34.cxb3 Qb7 35.Kb2 Ra6 36.Qe3 Qd7 37.b4 d4 38.Qb3 Rab6 39.b5 Rd6
40.a4 d3 41.a5 d2 42.Rd1 Rd3 43.axb6 Rxb3+ 44.Kxb3 Qd3+ 45.Kb2 Qd4+ 46.Kb3
Qxf4 47.Rxe6 Qf3+ 48.Kc2 Qd5 49.b7 Qxb7 50.Rb1 d1=Q+ 51.Rxd1 Qxb5 52.Red6 
Qc4+ 53.Kb2 Qb4+ 54.Kc2 Qe4+ 55.Kb2 Kg7 56.R1d2 Qe5+ 57.Kb3 h5 58.Kc4 f4 
59.R2d5 Qe4+ 60.Rd4 Qe5 61.R6d5 Qe2+ 0-1